Rodents by Picture - Statistics

General Stats
  • This quiz has been taken 64 times
  • The average score is 9 of 16
Answer Stats
Picture Answer % Correct
Squirrel
96%
Hamster
93%
Porcupine
91%
Guinea Pig
89%
Rat
85%
Capybara
82%
Mouse
82%
Chinchilla
80%
Beaver
76%
Gerbil
55%
Prairie Dog
45%
Vole
33%
Lemming
7%
Paca
7%
Springhare
5%
Degu
2%
No matching quizzes found
Score Distribution
Percent of People with Each Score
Percentile by Number Answered
Your Score History
You have not taken this quiz